Magyar Paedagogiai [!Pedagógiai] Társaság
Elmentve itt :
| Dokumentumtípus: | Cikk |
|---|---|
| Megjelent: |
1938
|
| Sorozat: | Magyar pedagógia : a Magyar Tudományos Akadémia Pedagógiai Bizottságának folyóirata
47 |
| Kulcsszavak: | Ülés jegyzőkönyve |
| Online Access: | http://misc.bibl.u-szeged.hu/11173 |
| LEADER | 00605nab a2200169 i 4500 | ||
|---|---|---|---|
| 001 | misc11173 | ||
| 005 | 20191106142042.0 | ||
| 008 | 170607s1938 hu o 0|| hun d | ||
| 022 | |a 0025-0260 | ||
| 040 | |a SZTE Miscellanea Repozitórium |b hun | ||
| 041 | |a hun | ||
| 245 | 0 | 0 | |a Magyar Paedagogiai [!Pedagógiai] Társaság |h [elektronikus dokumentum] |
| 260 | |c 1938 | ||
| 300 | |a 319-320 | ||
| 490 | 0 | |a Magyar pedagógia : a Magyar Tudományos Akadémia Pedagógiai Bizottságának folyóirata |v 47 | |
| 695 | |a Ülés jegyzőkönyve | ||
| 856 | 4 | 0 | |u http://misc.bibl.u-szeged.hu/11173/1/mp_1938_319-320.pdf |z Dokumentum-elérés |